[Event "GER O4523E email"]
[Site "GER email"]
[Date "2008.08.25"]
[Round "?"]
[White "Klug, Christian"]
[Black "Van Wnuck, Marek"]
[Result "0-1"]
[WhiteElo "1475"]
[BlackElo "1640"]
[PlyCount "46"]
[EventDate "2008.??.??"]
[EventType "tourn (corr)"]
[EventRounds "6"]
[EventCountry "GER"]
[SourceTitle "Corr 2011"]
[Source "ChessBase"]
[SourceDate "2010.08.31"]
[SourceVersion "1"]
[SourceVersionDate "2010.08.31"]
[SourceQuality "1"]

1. f4 e5 2. fxe5 d6 3. exd6 Bxd6 4. Nf3 g5 5. d4 g4 6. e4 gxf3 7. Qxf3 Be6 8. Nc3 c6 9. Be3 Qh4+ 10. g3 Qg4 11. Qf2 Ne7 12. Bg2 Nd7 13. d5 cxd5 14. exd5 Bf5 15. 0-0 a6 16. Bd4 0-0-0 17. Bxh8 Rxh8 18. Bf3 Qg7 19. Kh1 h5 20. Ne4 Bxe4 21. Bxe4 h4 22. gxh4 Qg4 23. Rae1 Rxh4 0-1

[Event "GER 04523E email"]
[Site "GER email"]
[Date "2008.08.25"]
[Round "?"]
[White "Schroeder, Ingo"]
[Black "Van Wnuck, Marek"]
[Result "0-1"]
[WhiteElo "1718"]
[BlackElo "1640"]
[PlyCount "106"]
[EventDate "2008.??.??"]
[EventType "tourn (corr)"]
[EventRounds "1"]
[EventCountry "GER"]
[SourceTitle "Corr 2011"]
[Source "ChessBase"]
[SourceDate "2010.08.31"]
[SourceVersion "1"]
[SourceVersionDate "2010.08.31"]
[SourceQuality "1"]

1. d4 Nf6 2. c4 e6 3. Nf3 c5 4. d5 exd5 5. cxd5 Bd6 6. Nc3 Bc7 7. d6 Ba5 8. Qd3 0-0 9. Bg5 Re8 10. e3 Nc6 11. Be2 h6 12. Bh4 Bxc3+ 13. bxc3 Re6 14. 0-0 Qf8 15. Bxf6 Rxf6 16. Rfd1 b6 17. Qe4 Re6 18. Qf5 Rf6 19. Qd5 Bb7 20. Qh5 Re8 21. Bc4 Na5 22. Bd5 Bxd5 23. Rxd5 Rxd6 24. Rad1 Ree6 25. Ne5 Rxd5 26. Rxd5 d6 27. Nf3 Qe8 28. Rd1 Qa4 29. Qd5 Nc4 30. Ra1 b5 31. Qd3 a6 32. h3 Qa3 33. Qc2 Qb2 34. Rc1 Qxc2 35. Rxc2 Nb6 36. Kf1 Na4 37. c4 f5 38. a3 Kf7 39. Rc1 Re7 40. Nd2 Rb7 41. Nb3 bxc4 42. Na5 Rb5 43. Nxc4 Ke6 44. g4 fxg4 45. hxg4 d5 46. Nd2 Rb2 47. Nf3 c4 48. Nd4+ Ke5 49. Rc2 Rxc2 50. Nxc2 Nc5 51. Ke2 Nb3 52. Nb4 a5 53. Nc6+ Kd6 0-1